La historia de los impuestos. : (Registro nro. 7367)

Detalles MARC
000 -LIDER
fixed length control field 00688nam a2200205 a 4500
001 - NÚMERO DE CONTROL
Identificador de número de control 000031543
003 - IDENTIFICACDOR DE NÚMERO DE CONTROL
control field DO-SdBNP
005 - DATE AND TIME OF LATEST TRANSACTION
control field 20180417074828.0
007 - CAMPOS FIJOS DE DESCRIPCIÓN FÍSICA
fixed length control field 000031543
008 - ELEMENTOS DE LONGITUD FIJA
fixed length control field 110627s2008 dr a 000 0 spa d
040 ## - FUENTE DE CATALOGACIÓN
Agencia que crea de manera original el registro BPMET
Idioma de catalogación spa
Agencia que realiza la transcripción BPMET
245 03 - MENCIÓN DE TITULO
Título La historia de los impuestos. :
Subtítulo historia educativa para colorear /
260 ## - PUBLICACIÓN, DISTRIBUCIÓN, ETC. (PIE DE IMPRENTA)
Lugar de publicación, distribución, etc Santo Domingo :
Nombre del editor, distribuidor, etc. Dirección General de Impuestos Internos.
300 ## - DESCRIPCIÓN FÍSICA
Extensión 10 p. :
Otros detalles físicos il. ;
Dimensiones 28 cm.
500 ## - NOTA GENERAL
Nota general Historia educativa para colorear
710 2# - ASIENTO SECUNDARIO -- NOMBRE CORPORATIVO
Nombre corporativo o de jurisdicción Dirección General de Impuestos Internos (República Dominicana)
942 ## - ADDED ENTRY ELEMENTS (KOHA)
Source of classification or shelving scheme Dewey Decimal Classification
Koha item type Libros
945 ## - INFORMACIÓN DE PROCESAMIENTO LOCAL
Información de procesamiento local Remanejado para la BNPHU / 2018 VM
956 ## - LOCAL ELECTRONIC LOCATION AND ACCESS (OCLC)
Nombre de host VMATEO
Número de acceso 10
Información de compresión 20150908
Inicio de sesión BPMSU
Procesador de solicitud 0069
Existencias
Withdrawn status Lost status Source of classification or shelving scheme Damaged status Not for loan Collection code Home library Current library Date acquired Total Checkouts Barcode Date last seen Copy number Price effective from Koha item type
    Dewey Decimal Classification     Colección Dominicana Biblioteca Pública Metropolitana Salomé Ureña Biblioteca Pública Metropolitana Salomé Ureña 02/11/2015   BPMET15041149 02/11/2015 02/11/2015 Libros
    Dewey Decimal Classification     Colección Dominicana Biblioteca Pública Metropolitana Salomé Ureña Biblioteca Pública Metropolitana Salomé Ureña 03/09/2015   BPMSU15041150 03/09/2015 e. 2 03/09/2015 Libros